[Event "4ncl div2 Barbican Yth vs FCA Solutions"]
[Site "?"]
[Date "2009.05.02"]
[Round "9"]
[White "Borrowdalw, Graham"]
[Black "Moore, John"]
[Result "1-0"]
[WhiteElo "2035"]
[BlackElo "2063"]
[PlyCount "65"]
[EventDate "2009.05.02"]
[SourceDate "2009.05.02"]

1. c4 c6 2. d4 d5 3. Nf3 Nf6 4. Nc3 e6 5. e3 Nbd7 6. Bd3 dxc4 7. Bxc4 b5 8. Be2
Bb7 9. O-O Be7 10. e4 b4 11. e5 bxc3 12. exf6 Nxf6 13. bxc3 O-O 14. Rb1 Qc8 15.
Qb3 Ba6 16. Bxa6 Qxa6 17. Bg5 h6 18. Bxf6 Bxf6 19. Rfe1 Rab8 20. Qxb8 Rxb8 21.
Rxb8+ Kh7 22. h4 Qxa2 23. Reb1 Qc2 24. R1b7 a5 25. Ra8 Qxc3 26. h5 Qa1+ 27. Kh2
Bxd4 28. Rxf7 Bc5 29. Rd7 Qf6 30. Rdd8 g6 31. Rd7+ Be7 32. Re8 gxh5 33. Rexe7+
1-0